Statistics for Disney Descendants

Click here to take the quiz!

General Stats

  • This quiz has been taken 973 times
  • The average score is 7 of 15

Answer Stats

HintAnswer% Correct
What color hair does Mal have?Purple
98%
Which actor/actress is the only one out of the main 4 that does not have to dye their hair to play their role?Jay
90%
Which one of the kids sets off the museum alarm?Jay
85%
Where do all the heroes or sidekicks live?Auradon
79%
Where do all the villains live?Isle of the Lost
79%
What color are the curtains in Mal and Evie's room?Pink
67%
What does Ben give to Mal to wear during his coronation?Ring
49%
What did Maleficent shrink to the size of?The love in her heart
45%
What makeup item does Evie ask about being smudged when they are going to the museum to get the wand?Mascara
35%
What is the button Mal presses in the limo actually for?The drivers' garage
32%
When Maleficent stops the coronation and freezes everyone, what does she do to Ben?Messes up his crown
25%
What are Jay and Carlos fighting over when they arrive at Auradon?Blanket
18%
What is the code word for the villain kids that the limo driver uses when they get in the limo?Jackals
9%
Name the two baked goods that are actually potions in disguise that Mal makes for Ben?Brownie and Cookie
4%
Name the two foods that Mal has never tried that she tries on her first date with Ben?Powdered donuts and strawberries
2%

Score Distribution

Percentile by Number Answered

Percent of People with Each Score

Your Score History

You have not taken this quiz